The Aminoglycoside antibiotics : (Record no. 13083)

000 -LEADER
fixed length control field 00516pam a2200193 a 4500
020 ## - INTERNATIONAL STANDARD BOOK NUMBER
ISBN 0849354269
040 ## - CATALOGING SOURCE
Transcribing agency DLC
082 00 - DEWEY DECIMAL CLASSIFICATION NUMBER
Classification number 615 CRC 1984 A044 Or.
245 04 - TITLE STATEMENT
Title The Aminoglycoside antibiotics :
Remainder of title a guide to therapy /
260 ## - PUBLICATION, DISTRIBUTION, ETC. (IMPRINT)
Place of publication Boca Raton, Fla. :
Name of publisher CRC Press,
Year of publication c1984.
300 ## - PHYSICAL DESCRIPTION
Number of Pages 237 p. :
Other physical details ill. ;
Dimensions 27 cm.
650 #0 - SUBJECT ADDED ENTRY--TOPICAL TERM
Topical Term Antibiotics.
650 #0 - SUBJECT ADDED ENTRY--TOPICAL TERM
Topical Term Aminoglycosides.
650 #2 - SUBJECT ADDED ENTRY--TOPICAL TERM
Topical Term Antibiotics
650 #2 - SUBJECT ADDED ENTRY--TOPICAL TERM
Topical Term Aminoglycosides
700 1# - ADDED ENTRY--PERSONAL NAME
Personal name Barnes, William G.
700 1# - ADDED ENTRY--PERSONAL NAME
Personal name Hodges, Glenn R.
942 ## - ADDED ENTRY ELEMENTS (KOHA)
Koha item type សៀវភៅភាសាអង់គ្លេស
952 ## - LOCATION AND ITEM INFORMATION (KOHA)
Withdrawn status [LOCAL, KOHA] 0
Holdings
Permanent Location Date acquired Koha item type Lost status Shelving location Barcode Current Location Full call number
Library Block A2017-08-19សៀវភៅភាសាអង់គ្លេស A044A19870Library Block A615 CRC 1984 A044 Or.
មជ្ឈមណ្ឌលឯការនៃសាកលវិទ្យាល័យភូមិន្ទកសិកម្មចំការដូង

Powered by Koha